Memoria /
Պահպանված է:
| Համատեղ հեղինակներ: | , |
|---|---|
| Ձևաչափ: | Տեքստ |
| Հրապարակվել է: |
San José:
CODEHUCA. ALFORJA
|
| Ցուցիչներ: |
Ավելացրեք ցուցիչ
Չկան պիտակներ, Եղեք առաջինը, ով նշում է այս գրառումը!
|
MARC
| LEADER | 00000 a a2200000 04500 | ||
|---|---|---|---|
| 001 | 21147 | ||
| 003 | |||
| 040 | |||
| 090 | |a 091800 | ||
| 110 | |a CODEHUCA | ||
| 245 | |a Memoria / |c CODEHUCA | ||
| 260 | |a San José: |b CODEHUCA. ALFORJA | ||
| 300 | |a 54 p. | ||
| 710 | |a ALFORJA | ||
| 999 | |c 10433 |d 10433 | ||
